Statistics for Plants

Click here to take the quiz!

General Stats

  • This quiz has been taken 15 times
    (10 since last reset)
  • The average score is 14 of 19

Answer Stats

Answer% Correct
Basil
100%
Clover
100%
Daisy
100%
Rose
100%
Tulip
100%
Buttercup
88%
Daffodil
88%
Ivy
88%
Mint
88%
Pansy
88%
Poppy
75%
Water lily
75%
Hyacinth
63%
Oak
63%
Bluebell
50%
Lavander
38%
Thyme
38%
Stinging Nettle
25%
Persil
13%

Score Distribution

Percentile by Number Answered

Percent of People with Each Score

Your Score History

You have not taken this quiz since the last reset